000 00812nam a2200193 a 4500
001 000377270
003 AM-YeHGA
005 20250618072309.0
008 041103s1936 ai 000 | arm d
040 _aAM-YeHGA
041 1 _aarm
_hrus
100 1 _aՏարախովսկայա, Յե.
245 1 0 _aՄետրոպոլիտեն :
_bՆախադպրոցական տարիքի համար /
_cՅե. Տարախովսկայա; Ռուս. փոխադր.՝ Հ. Հայրապետյան.
260 _aՅերևան :
_bՈւսմանկհրատ,
_c1936.
300 _a16 էջ :
_bնկ. ;
_c23 սմ.
650 1 4 _aՌուս մանկական գրականություն
_xԲանաստեղծություններ
700 1 _aՀայրապետյան, Հայրապետ Սարդարի,
_d1874-1962
_eթարգմ.
_4trl
_91697
090 _c145596
999 _c144213
_d144213